Veblen effects and their impact on the new European Community and some of their trading partners.
Výskum dopadu vzájomnej závislosti spotrebiteľských trhov v krajinách ES na správanie sa spotrebiteľov. Účinky zmien a posunov v potenciálnom vkuse zákazníka. Odhad systému dopytu zahrňujúci tieto "Veblenove efekty" v siedmich krajinách ES v porovnaní s odhadom dopytu vo vybraných krajinách mimo ES....
Salvato in:
| Natura: | Capitolo di libro |
|---|---|
| Lingua: | inglese |
| Soggetti: | |
| Tags: |
Nessun Tag, puoi essere il primo ad aggiungerne!!
|
MARC
| LEADER | 00000naa a2200000 4500 | ||
|---|---|---|---|
| 001 | r008534 | ||
| 005 | 20221130112840.9 | ||
| 041 | 0 | |a eng | |
| 044 | |a NL | ||
| 245 | 1 | 0 | |a Veblen effects and their impact on the new European Community and some of their trading partners. |
| 520 | |a Výskum dopadu vzájomnej závislosti spotrebiteľských trhov v krajinách ES na správanie sa spotrebiteľov. Účinky zmien a posunov v potenciálnom vkuse zákazníka. Odhad systému dopytu zahrňujúci tieto "Veblenove efekty" v siedmich krajinách ES v porovnaní s odhadom dopytu vo vybraných krajinách mimo ES. Elasticita miery substitúcie výrobkov medzi krajinami ES. | ||
| 610 | 2 | 0 | |a trh |
| 610 | 2 | 0 | |a spotrebitelia |
| 610 | 2 | 0 | |a Veblenove efekty |
| 610 | 2 | 0 | |a Európske spoločenstvá |
| 610 | 2 | 0 | |a metódy ekonomicko-matematické |
| 610 | 2 | 0 | |a dopyt |
| 610 | 2 | 0 | |a zákazníci |
| 610 | 2 | 0 | |a tabuľky štatistické |
| 610 | 2 | 0 | |a porovnanie štatistické medzinárodné |
| 610 | 2 | 0 | |a funkcie úžitkové |